000 01111nam a2200313 i 4500
001 000009514
003 DO-SdBNP
005 20260224082623.0
007 ta
008 090702s1990 dr r 000 0 spa d
040 _aDO-SdBNP
_bspa
_cBNPHU
_erda
041 _aspa
082 4 _a338.97293
_bL754e
_222
245 0 0 _aLineamientos estrategícos para el desarrollo económico de la República Dominicana
264 4 _aSanto Domingo :
_bEdiciones de MODERNO,
_c©1990.
300 _a141 páginas ;
_c21 cm.
336 _atexto
_btxt
_2rdacontent
337 _asin mediación
_bn
_2rdamedia
338 _avolumen
_bnc
_2rdacarrier
490 1 _aPublicaciones
_v2
500 _aA la cabeza del titulo: Moderno, Movimiento de Renovación.
590 _aInventariado, 2018/BT
650 4 _aEstratégias para el desarrollo
_93099
650 4 _aDesarrollo económico
_zRepública Dominicana
_98596
651 4 _aProyectos de desarrollo conómico
_zRepública Dominicana
_924334
651 4 _aRepública Dominicana
_xPolítica económica
_9643
910 _aValidado. Control de calidad. MFF
942 _2ddc
_cLBS1
999 _c9274
_d9274